Najsłynniejsze osoby ze swojej generacji wg. AI - Statystyki

Ogólne statystyki
  • Ten quiz został rozwiązany 29 razy
  • Średni wynik to 11 z 25
Statystyki odpowiedzi
Rok Zawód Kraj Osoba % Poprawnych
1984 piłkarz Portugalia Cristiano Ronaldo
88%
1936 papież Argentyna Jorge Bergolio
88%
1987 piłkarz Argentyna Lionel Messi
88%
1961 prezydent Stanów Zjednoczonych USA Barack Obama
76%
1955 przedsiębiorca informatyczny USA Bill Gates
76%
1971 przedsiębiorca motoryzacyjno-technologiczny RPA Elon Musk
72%
1958 piosenkarz popowy USA Michael Jackson
72%
1929 działacz na rzecz równouprawnienia USA Martin Luther King Junior
68%
1989 piosenkarka USA Taylor Swift
64%
1940 muzyk, założyciel zespołu UK John Lennon
60%
1955 przedsiębiorca informatyczny USA Steve Jobs
56%
1935 piosenkarz rockowy USA Elvis Presley
52%
1958 piosenkarka popowy USA Madonna Ciccone
52%
1926 aktorka, modelka, piosenkarka USA Marilyn Monroe
36%
1981 piosenkarka USA Beyoncé Knowles-Carter
28%
2003 aktywistka klimatyczna i ekologiczna Szwecja Greta Thunberg
28%
1998 youtuber USA Jimmy Donaldson
28%
1969 raper USA Shawn Carter
20%
2001 piosenkarka popowa USA Billie Eilish
16%
1974 aktor, producent filmowy USA Leonardo DiCaprio
12%
1984 twórca serwisu USA Mark Zuckerberg
12%
1967 piosenkarz rockowy, frontman zespołu USA Kurt Cobain
8%
1997 celebrytka, modelka USA Kylie Jenner
8%
1969 aktorka USA Jennifer Aniston
0%
1996 aktorka USA Zendaya Coleman
0%
Nie znaleziono quizów pasujących do podanych kryteriów
Rozkład punktacji
Procent ludzi z każdym wynikiem
Percentyl według liczby udzielonych odpowiedzi
Twoja historia wyników
Nie rozwiązałeś tego quizu